[Event "Penang op-A 5th"]
[Site "Penang"]
[Date "2013.12.10"]
[Round "2"]
[White "Yeoh, Li Tian"]
[Black "Siew, Kit Tze Mark"]
[Result "1-0"]
[WhiteElo "2302"]
[BlackElo "2004"]
[PlyCount "95"]
[EventDate "2013.12.09"]
[EventType "swiss"]
[EventRounds "9"]
[EventCountry "MAS"]
[SourceTitle "CBM 157 Extra"]
[Source "ChessBase"]
[SourceDate "2013.12.19"]
[SourceVersion "1"]
[SourceVersionDate "2013.12.19"]
[SourceQuality "1"]

1. e4 e6 2. d4 d5 3. Nc3 Bb4 4. e5 c5 5. Bd2 Ne7 6. Nb5 Bxd2+ 7. Qxd2 0-0 8. dxc5 Nd7 9. Qc3 a6 10. Nd6 Qc7 11. Nf3 Qxc5 12. Qxc5 Nxc5 13. Bd3 b6 14. Kd2 Nc6 15. Rae1 Nb7 16. Nxb7 Bxb7 17. h4 Rfd8 18. h5 d4 19. Rh4 Nb4 20. Nxd4 Rd7 21. c3 Nxd3 22. Kxd3 Bxg2 23. Rg1 Bd5 24. a3 b5 25. Ke3 Kf8 26. h6 g6 27. Nc2 Rc8 28. Rd1 Ke7 29. Rhd4 Rc4 30. Nb4 Rxd4 31. Rxd4 a5 32. Nd3 Bc6 33. Rxd7+ Bxd7 34. f4 Bc6 35. Nf2 f6 36. Ng4 fxe5 37. fxe5 g5 38. Nf6 Kf7 39. Nxh7 Kg6 40. Nxg5 Kxh6 41. Nxe6 Kg6 42. Nd4 Bd5 43. Nxb5 Kf5 44. Kd4 Bc6 45. a4 Ke6 46. b3 Kd7 47. Kc4 Bf3 48. Nd4 1-0